|
|
|
|
| LEADER |
01587nam a22003614a 4500 |
| 001 |
45396 |
| 003 |
BD-DhAAL |
| 005 |
20260308123004.0 |
| 008 |
260308t20072005enk 000 1 eng |
| 010 |
|
|
|a 2005043591
|
| 020 |
|
|
|a 9780141028736
|
| 020 |
|
|
|a 140004460X
|
| 035 |
|
|
|a 13880790
|
| 040 |
|
|
|a DLC
|c DLC
|d DLC
|d BD-DhAAL
|
| 041 |
1 |
|
|a eng
|h spa
|
| 042 |
|
|
|a pcc
|
| 050 |
0 |
0 |
|a PQ8180.17.A73
|b M4613 2005
|
| 082 |
0 |
0 |
|a 863.64
|2 22
|
| 100 |
1 |
|
|a García Márquez, Gabriel,
|d 1927-2014.
|
| 240 |
1 |
0 |
|a Memoria de mis putas tristes.
|l English
|
| 245 |
1 |
0 |
|a Memories of my melancholy whores /
|c Gabriel García Márquez ; translated from the Spanish by Edith Grossman.
|
| 246 |
3 |
1 |
|a Memoria de mis putas tristes
|
| 260 |
|
|
|a London :
|b Penguin,
|c 2007.
|
| 300 |
|
|
|a 115 pages ;
|c 20 cm.
|
| 500 |
|
|
|a Translated from English which was originally published in
Spanish.
|
| 541 |
1 |
|
|a Donated by Farhana Zahir, Assistant Professor, BRAC Business School, BRAC University
|e 45396
|
| 650 |
|
0 |
|a Prostitutes
|v Fiction.
|
| 651 |
|
0 |
|a Colombia
|v Fiction.
|9 40069
|
| 655 |
|
|
|a Spanish fiction
|9 60357
|
| 700 |
1 |
|
|a Grossman, Edith,
|d 1936-2023.
|9 60356
|
| 942 |
|
|
|2 ddc
|c BK
|
| 999 |
|
|
|c 47751
|d 47751
|
| 952 |
|
|
|0 0
|1 0
|2 ddc
|4 0
|6 863_640000000000000_GAR
|7 0
|9 78862
|a BRACUL
|b BRACUL
|c NEW
|d 2026-03-08
|e Donated by Farhana Zahir, Assistant Professor, BRAC Business School, BRAC University
|g 380.00
|l 2
|m 4
|o 863.64 GAR
|p 3010045396
|q 2026-06-02
|r 2026-04-21
|s 2026-04-21
|t 1
|w 2026-03-08
|y BK
|x Donated copy received from Farhana Zahir, Assistant Professor, BRAC Business School, BRAC University on 17 February 2026
|